Регионална библиотека "Любен Каравелов" - Русе

La crise de la conscience europeenne 1680 - 1715 (Запис номер 344602)

MARC детайли
000 -Лидер
Контролно поле с фиксирана дължина 01060nam a2200277 c 4500
003 - Код на организацията, давaща контролен номер
Контролно поле BLK
005 - Дата и час на последна редакция
Контролно поле 20210107040714.0
008 - Елементи от данни с фиксирана дължина
fixed length control field 180911b bul|||||r ||||||| ||bul||
010 ## - Наследен системен номер
LC control number 004268
040 ## - Източник на каталожния запис
Идентификатор на билиотеката - собственик на записа BLK
041 ## - Код за език
Код за езика на текст/звукозапис или на отделно заглавие Френски
Код за езика КДБФ Български
080 ## - УДК
УДК - код + определител 101(4)(091)
100 1# - Редна дума - Автор
Автор HASARD, Paul
Авторска отговорност първи автор
R(LIN) 397324
245 00 - Сведения за заглавието
Заглавие La crise de la conscience europeenne 1680 - 1715
Том T. 3
Заглавие на том Notes et references
260 ## - Област на издателските данни
Място на издаване, разпространение и проч. Paris
Име на издателя, разпространителя и проч. Boivin and Cie
Година на издаване 1934 - 1939
300 ## - Физическа характеристика
Размери/Мащаб 23 см
380 ## - Жанр
Жанр Философия
490 ## - СЕРИИ (Колекции)
Име на серия Частна колекция - Академик Михаил Арнаудов
Бележки за серията Дарение - Основен фонд
655 ## - Ключова дума – жанр/разновидност
Данни за жанр/разновидност или ключова дума за фокус философия
760 ## - Описание на основната серия
Редна дума на основното описание HASARD, Paul
Място на издаване, издател и година 1943
Страници - том 160 с.
Част - том T. 3
Заглавие Notes et references
852 ## - Местоположение
Форматна сигнатура МА 659
999 ## - СИСТЕМНИ КОНТРОЛНИ НОМЕРА
Koha biblionumber 344602
Koha biblioitemnumber 344602
942 ## - АРТИКУЛИ
Вид на библиотечния материал Книги
Скрит в OPAC Не
Периодичен библиозапис Да
944 ## - СЪЗДАВАНЕ И РЕДАКЦИЯ на ЗАПИСА
Създаване/Редакция Създаване
Дата на регистрацията/редакция 1995
Служител, извършил регистрацията/редакцията ValK
999 ## - СИСТЕМНИ КОНТРОЛНИ НОМЕРА
Koha biblioitemnumber 344602
Наличности
Код за отписване Код за изгубен артикул Източник на класификационната схема Код за повреда Коз за рестрикции Код за отдаване Артикулен № Име на библиотеката - собственик Име на библиотеката, в която се намира в момента Статус (Текущо местоположение) Дата на вписване в системата Местоположение - отдел Цена в лева Инвентарен номер Систематично азбучна сигнатура Баркод Цена в евро Служебен тип на артикула
  Не е изгубен Universal Decimal Classification Не е повреден само за читалня Специални фондове ( старопечатни, редки и ценни, фонд М. Арнаудов) 747169 Регионална библиотека "Любен Каравелов" Русе Регионална библиотека "Любен Каравелов" Русе Фонд "Михаил Арнаудов" 2019-10-09 Фонд "Михаил Арнаудов" 10.00 587832 МА 659 120000587832 5.11 Книги
Vip Innovations Ltd, Rousse, Bulgaria 2025